01222nam a2200313 a 450000100060000000300080000600500170001400800410003102000150007202000150008702000150010202000150011702000280013202000280016002000280018803500510021604000370026704100080030408200290031210000280034124501630036926000610053230000340059350400530062750501400068065000260082065100290084665100330087532581BD-RjUL20211209051847.0140427s1974 ilua b 001 0 eng d a0226346773 a0226346781 a0226346803 a0226346811 a0226346846 (pbk., v. 2) a0226346838 (pbk., v. 1) a0226346854 (pbk., v. 3) a(BD-RjUL)32670aOCLC ocm01349634 from D951027M aDLCcDLCdUKMdEQOdBD-RjULbeng aeng00a909.097671bHOV V-2 19741 aHodgson, Marshall G. S.14aThe venture of Islam :bconscience and history in a world civilization /cMarshall G. S. Hodgson.nVolume Two :pThe expansion of islam in the middle periods. aChicago ;aLondon :bUniversity of Chicago Press,c1974. avii, 609 p. :bill. ;c24 cm. aIncludes bibliographical references and indexes.0 av. 1. The classical age of Islam -- v. 2. The expansion of islam in the middle periods -- v. 3. The gunpowder empires and modern times. 0aIslamic civilization. 0aIslamic EmpirexHistory. 0aMiddle EastxHistoryy1517-.